Score 0/127 Timer 07:00
0 Plays Today
Lyric % Correct
The
93.4%
a
93.4%
a
93.4%
a
93.4%
a
93.4%
a
93.4%
And
93.4%
the
93.4%
a
93.4%
a
93.4%
a
93.4%
And
93.4%
And
93.4%
a
93.4%
the
93.4%
a
93.4%
a
93.4%
a
93.4%
you
69.1%
an
55.6%
it
52.7%
me
52.3%
can
49.8%
In
49.4%
in
49.4%
to
48.6%
be
47.3%
be
47.3%
She
42.4%
She
42.4%
she
42.4%
She
42.4%
of
42%
That
39.9%
That
39.9%
my
35.8%
for
34.6%
for
34.6%
Girl
33.7%
Girl
33.7%
Girl
33.7%
Girl
33.7%
Girl
33.7%
Lyric % Correct
Girl!
33.7%
With
30.5%
Now
29.2%
all
28.8%
all
28.8%
let
28.4%
can't
28.4%
tell
27.6%
her
27.6%
her
27.6%
But
26.7%
Truck
26.3%
Drivin'
26.3%
Truck
26.3%
She's
26.3%
Truck
26.3%
Drivin'
26.3%
She's
26.3%
Truck
26.3%
Drivin'
26.3%
She's
26.3%
Truck
26.3%
Drivin'
26.3%
She's
26.3%
Truck
26.3%
Drivin'
26.3%
She's
26.3%
Truck
26.3%
Drivin'
26.3%
have
25.9%
story
23%
Gonna
23%
Gonna
23%
little
21.8%
little
21.8%
get
21%
Monster
20.2%
car
19.3%
out
18.9%
up
18.9%
world
18.5%
took
18.1%
star
18.1%
Lyric % Correct
Permit
18.1%
Learner's
17.7%
whirl
16.9%
adult
16.9%
made
16.5%
take
16.5%
(Yeah!)
16.5%
drive
15.6%
rock
15.2%
custom
14.8%
speed
14.8%
may
14.8%
she'll
14.4%
she'll
14.4%
demon
14%
Red
14%
mall
13.2%
pick
12.3%
park
11.9%
friends
11.9%
Gear
11.9%
Well
11.5%
Over
11.5%
parallel
11.1%
Tire
10.7%
Back
10.7%
Grindin'
10.3%
License
9.9%
lot
9.5%
red-head
9.5%
Spinnin'
9.5%
Stompin'
9.1%
Burnin'
7.8%
someday
7.4%
Heatin'
7.4%
Throttle
7%
Clutch
6.2%
Paint
5.8%
Firin'
5.3%
Tradin'
4.9%
Lightin'
1.6%
Remove Ads.
Support Sporcle.
Get the best of Sporcle when you Go Orange. This ad-free experience offers more features, more stats, and more fun while also helping to support Sporcle. Thank you for becoming a member.

You're not logged in!

Compare scores with friends on all Sporcle quizzes.
OR
Log In

Show Comments

Extras

Top Quizzes Today


Score Distribution

Your Account Isn't Verified!

In order to create a playlist on Sporcle, you need to verify the email address you used during registration. Go to your Sporcle Settings to finish the process.

Report this User

Report this user for behavior that violates our Community Guidelines.

Details: